000 00432nam a2200145Ia 4500
008 151213s9999 xx 000 0 und d
100 _aBetty Kirkpatrich
245 _athe Concise Oxford Thesaurus : a Dictionary of Synonyms
_cBetty Kirkpatrich
260 _aNew Dilhi
_bOxford University press
_c2000
300 _a1950 p.
650 _aReference
650 _aReference Dictionary
700 _aBetty Kirkpatrich
999 _c1426
_d1426